The return of a king / (Record no. 15004)
[ view plain ]
| 000 -LEADER | |
|---|---|
| fixed length control field | 00660nam a2200217 a 4500 |
| 001 - CONTROL NUMBER | |
| control field | ASIN1408822873 |
| 003 - CONTROL NUMBER IDENTIFIER | |
| control field | OSt |
| 005 - DATE AND TIME OF LATEST TRANSACTION | |
| control field | 20170105102909.0 |
| 008 - FIXED-LENGTH DATA ELEMENTS--GENERAL INFORMATION | |
| fixed length control field | 131025s2013 xxu eng d |
| 020 ## - INTERNATIONAL STANDARD BOOK NUMBER | |
| International Standard Book Number | 1408822873 (paperback) |
| 020 ## - INTERNATIONAL STANDARD BOOK NUMBER | |
| International Standard Book Number | 9781408822876 (paperback) |
| 040 ## - CATALOGING SOURCE | |
| Original cataloging agency | a |
| 082 ## - DEWEY DECIMAL CLASSIFICATION NUMBER | |
| Classification number | 958.103 |
| Author Mark | DAL 2013 |
| 100 1# - MAIN ENTRY--PERSONAL NAME | |
| Personal name | Dalrymple, William. |
| 245 14 - TITLE STATEMENT | |
| Title | The return of a king / |
| Statement of responsibility, etc. | William Dalrymple. |
| 250 ## - EDITION STATEMENT | |
| Edition statement | Export/Airside ed. |
| 260 ## - PUBLICATION, DISTRIBUTION, ETC. | |
| Place of publication, distribution, etc. | [S.l.] : |
| Name of publisher, distributor, etc. | Bloomsbury Publishing PLC, |
| Date of publication, distribution, etc. | 2013. |
| 300 ## - PHYSICAL DESCRIPTION | |
| Extent | 1 v. (unpaged) ; |
| Dimensions | 24 cm. |
| 856 40 - ELECTRONIC LOCATION AND ACCESS | |
| Materials specified | Amazon.com |
| Uniform Resource Identifier | <a href="http://www.amazon.com/exec/obidos/ASIN/1408822873/chopaconline-20">http://www.amazon.com/exec/obidos/ASIN/1408822873/chopaconline-20</a> |
| 942 ## - ADDED ENTRY ELEMENTS (KOHA) | |
| Source of classification or shelving scheme | |
| Koha item type | Book |
| Withdrawn status | Lost status | Damaged status | Not for loan | Collection code | Permanent Location | Current Location | Shelving location | Date acquired | Total Checkouts | Full call number | Barcode | Date last seen | Price effective from | Koha item type |
|---|---|---|---|---|---|---|---|---|---|---|---|---|---|---|
| Centre for International Peace & Stability (CIPS) | Centre for International Peace & Stability (CIPS) | General Stacks | 10/01/2013 | 958.103 DAL 2013 | CIPS0001464 | 10/25/2013 | 10/25/2013 | Book | ||||||
| Centre for International Peace & Stability (CIPS) | Centre for International Peace & Stability (CIPS) | General Stacks | 10/02/2013 | 958.103 DAL 2013 | CIPS0001798 | 12/10/2013 | 12/10/2013 | Book |
